2024 Junior Eurovision Song Contest Countries Quiz - Statistics

General Stats
  • This quiz has been taken 254 times
  • The average score is 15 of 17
Answer Stats
Place Song Artist(s) Country % Correct
1 "To My Mom" Andria Putkaradze Georgia
97%
2 "Esperança" Victoria Nicole Portugal
97%
6 "Como la Lola" Chloe DelaRosa Spain
95%
3 "Hear Me Now" Artem Kotenko Ukraine
95%
4 "Comme ci, comme ça" Titouan France
94%
7 "Vallëzoj" Nikol Çabeli Albania
90%
9 "Pigiama party" Simone Grande Italy
89%
14 "Tänavad" Annabelle Estonia
88%
11 "Save the Best for Us" Bjarne Germany
88%
8 "Cosmic Friend" Leo Armenia
87%
13 "Crystal Waters" Maria Pissarides Cyprus
87%
10 "Music" Stay Tuned Netherlands
87%
16 "Marathon" Ana and Aleksej North Macedonia
87%
12 "All Together" Dominik Arim Poland
86%
17 "Come noi" Idols SM San Marino
85%
5 "Stilla ċkejkna" Ramires Sciberras Malta
83%
15 "Le chéile" Enya Cox Dempsey Ireland
80%
No matching quizzes found
Score Distribution
Percent of People with Each Score
Percentile by Number Answered
Your Score History
You have not taken this quiz